| 000 | 02663nam0a2200433 4500 | ||
|---|---|---|---|
| 001 | RU\NLR\bibl\193946 | ||
| 005 | 20260405104434.0 | ||
| 010 |
_a5-88179-202-5 _9150 |
||
| 021 |
_aRU _b2000-53526 _92470 |
||
| 035 | _a(NLR Aleph) 000190440 | ||
| 090 |
_a1101273 _c1101273 |
||
| 100 | _a20011018d2000 |||y0rusy50 ca | ||
| 101 | 0 | _arus | |
| 102 | _aRU | ||
| 105 | _aa ||||||||| | ||
| 200 | 1 |
_aГидрогеология, инженерная геология, геокриология _eУчеб. пособие по курсу "Гидрогеология, инж. геология, геокриология" для студентов в инж.-техн. вузах по направлению 511000 "Геология" _fК.В. Лебедева, Г.В. Николаева, О.В. Захарова _gМ-во образования Рос. Федерации, Ухт. гос. техн. ун-т |
|
| 210 |
_aУхта _cУГТУ _d2000 |
||
| 215 |
_a65 с. _cил. _d21 |
||
| 300 | _aНа 5-й с. авт.: доц., к.г.-м.н., К.В. Лебедева, инж. О.В. Захарова, к.г.-м.н. Г.В. Николаева | ||
| 320 | _aБиблиогр.: с. 64-65 (23 назв.) | ||
| 606 | 0 |
_aГидрогеология _jРуководства, пособия и т.п. _9918718 _3RU\NLR\auth\6617385 |
|
| 606 | 0 |
_aГидрогеология _jУчебные издания для высшей школы _9918718 _3RU\NLR\auth\6617385 |
|
| 606 | 0 |
_aИнженерная геология _jРуководства, пособия и т.п. _9901792 _3RU\NLR\auth\667913 |
|
| 606 | 0 |
_aИнженерная геология _jУчебные издания для высшей школы _9901792 _3RU\NLR\auth\667913 |
|
| 606 | 0 |
_aГеокриология _jРуководства, пособия и т.п. _9912381 _3RU\NLR\auth\66333378 |
|
| 606 | 0 |
_aГеокриология _jУчебные издания для высшей школы _9912381 _3RU\NLR\auth\66333378 |
|
| 686 | _aД46я73 | ||
| 686 | _aД49я73 | ||
| 686 | _aД48я73 | ||
| 700 | 1 |
_aЛебедева _bК. В. _gКлара Васильевна _4070 |
|
| 701 | 1 |
_4070 _aНиколаева _bГ. В. _cканд. геол.- минер. наук, экология _gГалина Валентиновна _9248095 _3RU\NLR\AUTH\770248151 |
|
| 701 | 1 |
_4070 _8rus _7ca _aЗахарова _bО. В. _cинженер-геолог _gОльга Владимировна _3RU\NLR\auth\7739922 _922885 |
|
| 801 | 0 |
_aRU _bNLR _c20011018 _gPSBO |
|
| 801 | 1 |
_aRU _bNLR _c20011018 |
|
| 830 | _aАвт. раскрыты по кн. | ||
| 942 | _cBOOK | ||
| 980 | _aNB | ||